000 01194nam a2200253Ia 4500
003 Ost
005 20260507075335.0
008 260507s9999||||xx |||||||||||||| ||und||
020 _a54180299579
040 _cfsecg
041 _aara
100 _aالبرواري، أنمار أمين
_eمؤلف
245 0 _aالرياضيات و البرمجة الخطية و تطبيقاتها الادارية و الاقتصادية /
_c أنمار أمين البرواري
260 _aعمان:
_bدار مجدلاوي,
_c2011
300 _a296 صفحة؛
_bإيضاحات ؛
_c24 سم
520 _aالمجموعات ، المعادلات والدوال و تطبيقاتها الادارية و الاقتصادية ، جبر المصفوفات و التفاضل و التكامل و البرمجة الخطية و نظرية المباراة و تطبيقاتها الادارية و الاقتصادية
653 _aالإدارة
653 _aالإقتصاد الرياضي
653 _aالبرمجيات
653 _aالرياضيات
653 _aعلم الحاسوب
700 _a داود، عربية عبد الرحمن
_eمؤلف ثانوي
942 _cكتاب
999 _c44040
_d44040